NYANGA YENZOU (Record no. 16587)
[ view plain ]
| 000 -LEADER | |
|---|---|
| fixed length control field | 00213nam a2200097Ia 4500 |
| 008 - FIXED-LENGTH DATA ELEMENTS--GENERAL INFORMATION | |
| fixed length control field | 191206s9999 xx 000 0 und d |
| 020 ## - INTERNATIONAL STANDARD BOOK NUMBER | |
| International Standard Book Number | 869225197 |
| 090 ## - | |
| -- | PL8681.Z77 |
| 245 #0 - TITLE STATEMENT | |
| Title | NYANGA YENZOU |
| 260 ## - PUBLICATION, DISTRIBUTION, ETC. | |
| Date of publication, distribution, etc. | c1992 |
| Withdrawn status | Lost status | Source of classification or shelving scheme | Damaged status | Not for loan | Home library | Current library | Date acquired | Total Checkouts | Full call number | Barcode | Date last seen | Price effective from | Koha item type |
|---|---|---|---|---|---|---|---|---|---|---|---|---|---|
| CUZ Bulawayo Campus | CUZ Bulawayo Campus | 06.12.2019 | PL8681.Z77 | BBK001259 | 03.04.2025 | 06.12.2019 | OS Book |